000 00546nam a2200193Ia 4500
001 62434
008 141119s9999 xx 000 0 und d
020 _a9780415809894
040 _cPK-LaUMT
082 _a 711.4
_bWHE-P
100 _aWheeler, Stephen M.
245 _aPlanning for sustainability
_bcreating livable, equitable and ecological communities
_cWheeler, Stephen M.
250 _a2nd
260 _aLondon,UK:
_bRoutledge,
_c2013
300 _a401 p.
546 _aEN
650 _aCity planning-Environmental aspects
942 _cBK
999 _c62864
_d62864